[Event "USA-ch playoff"]
[Site "Saint Louis"]
[Date "2013.05.13"]
[Round "3"]
[White "Kamsky, Gata"]
[Black "Ramirez Alvarez, Alejandro"]
[Result "1-0"]
[WhiteElo "2741"]
[BlackElo "2551"]
[PlyCount "103"]
[EventDate "2013.05.13"]
[EventType "match (rapid)"]
[EventRounds "3"]
[EventCountry "USA"]
[SourceTitle "CBM 154 Extra"]
[Source "ChessBase"]
[SourceDate "2013.06.25"]
[SourceVersion "2"]
[SourceVersionDate "2013.06.25"]
[SourceQuality "1"]

1. d4 Nf6 2. Nf3 c5 3. g3 cxd4 4. Nxd4 g6 5. Bg2 Bg7 6. O-O O-O 7. c4 Qc7 8.
Na3 d6 9. Ndb5 Qd8 10. Bg5 Nc6 11. Qd2 a6 12. Nc3 Bf5 13. e4 Be6 14. Nd5 Nd7
15. Rac1 Rc8 16. b3 Re8 17. h3 Nde5 18. Kh1 Rb8 19. Nc2 Qd7 20. Nb6 Qd8 21. Be3
Nd7 22. Nd5 Nc5 23. f4 b5 24. cxb5 axb5 25. f5 Bxd5 26. exd5 Ne5 27. Nb4 Qa5
28. Bxc5 dxc5 29. Rxc5 Rbc8 30. Rxc8 Rxc8 31. fxg6 hxg6 32. Qf4 Qc7 33. a4 bxa4
34. bxa4 f5 35. Nc6 Nxc6 36. Qxc7 Rxc7 37. dxc6 e5 38. Bd5+ Kf8 39. g4 Ke7 40.
gxf5 gxf5 41. Rxf5 Kd6 42. Bf3 Ra7 43. Rg5 e4 44. Bxe4 Be5 45. Rg6+ Kc5 46. Bf3
Kb6 47. Rg5 Ra5 48. h4 Kc7 49. h5 Kd6 50. h6 Rxa4 51. Rxe5 Kxe5 52. c7 1-0

[Event "Thessaloniki FIDE GP"]
[Site "Thessaloniki"]
[Date "2013.05.24"]
[Round "3"]
[White "Kamsky, Gata"]
[Black "Grischuk, Alexander"]
[Result "1/2-1/2"]
[WhiteElo "2741"]
[BlackElo "2779"]
[Annotator "Schulz,Andre"]
[PlyCount "73"]
[EventDate "2013.05.22"]
[EventType "tourn"]
[EventRounds "11"]
[EventCountry "GRE"]
[EventCategory "21"]
[SourceTitle "CBM 155"]
[Source "ChessBase"]
[SourceDate "2013.07.16"]
[SourceVersion "1"]
[SourceVersionDate "2013.07.16"]
[SourceQuality "1"]
[WhiteClock "0:00:32"]
[BlackClock "0:00:56"]

1. d4 Nf6 2. Nf3 g6 3. Bf4 {Die Torre-Eröffnung ist nicht so zahm wie man
denkt.} Bg7 4. c3 d6 5. h3 O-O 6. Nbd2 c5 7. dxc5 dxc5 8. e4 Nc6 9. Be2 (9. a4
b6 10. Bb5 Bb7 11. O-O a6 12. Be2 Na5 13. Qc2 c4 14. Rfd1 Qc8 15. e5 Nd5 16.
Bh2 Nc7 17. Nd4 Ne6 18. Bg4 Nxd4 19. cxd4 e6 20. Ne4 Nb3 21. Rab1 Bxe4 22. Qxe4
b5 23. axb5 axb5 24. d5 exd5 25. Rxd5 Qb7 26. Bf3 Rae8 27. Rbd1 Re7 28. Qe1 b4
29. Qe4 Qc8 30. Be2 c3 31. Qxb4 c2 32. Qxe7 c1=Q 33. Rxc1 Qxc1+ 34. Rd1 Qxb2
35. Bf1 Nd4 36. Qd6 Ne2+ 37. Bxe2 Qxe2 38. Bg3 h5 39. Qd4 Re8 40. f4 Ra8 41.
Bf2 Ra2 42. Re1 Qd2 43. Qxd2 Rxd2 44. g3 g5 45. f5 Rd5 46. f6 Bf8 47. Rc1 Kh7
48. Rc8 Ba3 49. Re8 g4 50. hxg4 hxg4 51. Be3 Kg6 52. Bf4 Kf5 53. Kf2 Bc5+ 54.
Ke2 Bb4 55. Rc8 Bc5 56. Re8 Bb4 57. Re7 Bc3 {1/2-1/2 (57) Kamsky,G (2713)
-Safarli,E (2603) Baku 2010}) 9... Nh5 {Die Neuerung.} (9... b6 10. O-O Nh5 11.
Bh2 Bh6 12. Qc2 Bf4 13. Rfe1 Bxh2+ 14. Kxh2 Qc7+ 15. g3 $11 {1/2-1/2 (92)
Gostisa,L (2440)-Khalifman,A (2640) Bled 1991}) 10. Bh2 b6 (10... e5 $5) 11. e5
{Nimmt dem Sh5 das Feld f6.} Bh8 12. Qa4 Bb7 13. Qh4 Ng7 14. Ng5 h5 15. Ndf3 {
Der Vorteil von Weiß ist offensichtlich.} Qc8 16. g4 Ba6 17. gxh5 Nxh5 18.
Bxa6 Qxa6 19. Qe4 Nd8 ({Nach} 19... Rac8 {ist} 20. Nxf7 (20. Rg1 $5) 20... Rxf7
21. Qxg6+ Rg7 22. Qxh5 Qd3 {nicht so klar.}) 20. O-O-O (20. Qxa8 Nb7 21. Qxf8+
Kxf8 {wäre gut für Schwarz.}) 20... b5 21. Rhg1 (21. Qxa8 Nc6 {bringt Weiß
weider nichts ein.}) 21... Bg7 22. Kb1 Rc8 23. Nh4 {droht stark e6, aber...} b4
24. c4 {... Weiß macht den Zug nicht. c4 ist aber auch gut.} (24. e6 Nxe6 25.
Nxg6 fxg6 (25... Nxg5 26. Nxe7+) 26. Qxg6 Rf6 27. Qh7+ Kf8 28. Qxh5 bxc3 29.
Nh7+ Kg8 30. Nxf6+ exf6 31. Rd7 $18) 24... b3 (24... Qc6 25. Qg4 $18) 25. axb3
Rb8 26. Rd3 $18 Rb6 27. f4 $2 ({Hier gewann} 27. Nxf7 Nxf7 (27... Kxf7 28. Nxg6
Rxg6 29. Rf3+ $18) 28. Nxg6 Rfb8 29. Nxe7+ Kf8 30. Qf3 Rh6 31. Rd7 Qe6 32. Rxa7
Re8 33. Nf5 $18) 27... Nc6 {Und schon hat Schwarz starkes Gegenspiel mit Sb4.}
28. Nxg6 (28. Nf5 e6 (28... gxf5 $2 29. Qxf5 $18) 29. Nxg7 Nxg7 (29... Kxg7 30.
Nxe6+ $18) 30. Nxf7 Rxf7 31. Rxg6 Qb7 32. Rh6 Nf5 33. Rxe6 Ncd4 $15) 28... fxg6
(28... Nb4 $2 29. Nxe7+ Kh8 30. Qh7#) 29. Qxg6 Qa2+ 30. Kc1 Qa1+ 31. Kd2 Qxb2+
32. Ke3 Nf6 33. exf6 Rxf6 34. Qe8+ Rf8 35. Qg6 Rf6 36. Qe8+ Rf8 37. Qg6 (37.
Qh5 Rf6 38. Qh7+ Kf8 39. Qe4 Kg8 (39... Rxb3 $2 40. Nh7+ $18) 40. Rg2 Qc1+ 41.
Kf2 Nd4 {ist unklar}) 1/2-1/2

[Event "Thessaloniki FIDE GP"]
[Site "Thessaloniki"]
[Date "2013.05.30"]
[Round "8"]
[White "Kamsky, Gata"]
[Black "Nakamura, Hikaru"]
[Result "1-0"]
[WhiteElo "2741"]
[BlackElo "2775"]
[Annotator "Szabo,Kr"]
[PlyCount "99"]
[EventDate "2013.05.22"]
[EventType "tourn"]
[EventRounds "11"]
[EventCountry "GRE"]
[EventCategory "21"]
[SourceTitle "CBM 155"]
[Source "ChessBase"]
[SourceDate "2013.07.16"]
[SourceVersion "1"]
[SourceVersionDate "2013.07.16"]
[SourceQuality "1"]

1. e4 e6 2. d4 d5 3. Nd2 Be7 4. c3 (4. Bd3) ({and} 4. Ngf3 {are the main lines.
}) 4... c5 5. e5 (5. dxc5 {is the more popular alternative.}) 5... Nc6 6. Bd3
cxd4 7. cxd4 Nh6 (7... Nxd4 $2 {is a typical mistake, as} 8. Qg4 $1 $18 {
and Black can't protect g7.}) 8. Ndf3 (8. Ne2 Nf5 9. Nf3 Bd7 10. O-O Qb6 11.
Kh1 h6 12. a3 g5 13. h3 O-O-O 14. b4 f6 15. b5 Na5 16. Nc3 $16 {and White has
a lot of threats, Bruzon Batista-Prasca Sosa, Istanbul ol 2012.}) 8... f6 (8...
Nf5 9. Ne2 {transposes to the 8.Ne2 line.}) 9. Bxh6 gxh6 10. Ne2 Qb6 $146 {
A new move.} (10... Qa5+ 11. Nc3 $1 (11. Kf1 Bd7 12. a3 {(Rivero Ojeda-Bartel,
Cork 2005)} fxe5 13. dxe5 Rf8 ({or} 13... O-O-O)) 11... fxe5 12. Nxe5 Nxe5 13.
dxe5 Bd7 14. Qh5+ Kd8 15. O-O $36 {with some initiative.}) (10... fxe5 11. Nxe5
Nxe5 12. dxe5 Qc7 13. O-O Qxe5 14. Bb5+ Kf7 15. Re1 $36 {and White has a
strong initiative.}) 11. O-O ({In the event of} 11. exf6 Bxf6 (11... Qb4+ 12.
Nc3 Bxf6 13. O-O O-O 14. a3 Qd6 15. Re1 $14) 12. O-O O-O 13. Qd2 Bg7 {the
computer evaluates White to have advantage, but by human measures, in my view
Black's position is solid and White has to bear Rxf3 in mind all the time.})
11... Bd7 (11... fxe5 {was an alternative} 12. Nxe5 (12. dxe5 Bd7) 12... Nxe5
13. dxe5 Bd7 14. Rc1 O-O 15. Nd4 Rf4 {with some counterplay.}) 12. b4 $1 {
A pretty ambitious move. This move only looks a P sacrifice, because Black
can't take with any pieces.} ({The engine suggests} 12. exf6 Bxf6 13. Qd2 Bg7
14. Qf4 O-O-O {, but I think Black hasn't got any problem.}) 12... a6 (12...
Nxb4 $6 {is weak, as} 13. Rb1 $16 {and Black is in a big trouble.}) ({In case
of} 12... fxe5 13. b5 $1 Nxd4 14. Nxe5 Nxe2+ 15. Qxe2 $16 {the black K is very
bad.}) 13. Qd2 (13. a4 {is also logical to continue the b5 plan, but I prefer
the text move.} fxe5 14. Nxe5 Nxe5 15. dxe5 O-O (15... Qxb4 16. a5 $44) 16. a5
Qxb4 (16... Qc7 $5) 17. Rb1 Qxa5 18. Rxb7 Qd8 19. Nd4 Rf4 $13 {with an unclear
fight.}) 13... fxe5 14. dxe5 Qxb4 15. Qxh6 Qa3 $2 {A mistake, Black misses
White's subsequent continuation.} (15... Qg4 {was better to prevent Bg6, but
Black's position isn't enviable.} 16. Rab1 Bf8 (16... O-O-O $2 {is too
dangerous, because of} 17. Qe3 $1 $18 {and White has a huge attack.}) (16...
Nb4 17. Rxb4 $1 {a very strong exchange sacrifice!} Bxb4 18. Ng5 Be7 19. Bg6+
$1 $16 {with a decisive attack!}) 17. Qe3 $36 {and the Black K can't find its
place.}) 16. Bg6+ Kd8 17. Bf7 $1 $18 {Black can't defend the e6 P. Probably
Nakamura missed this move.} Rf8 18. Bxe6 Rxf3 {Nakamura tries to create some
practical problems for Kamsky.} 19. gxf3 Qxf3 20. Ng3 (20. Rab1 $18 {was also
very strong.}) 20... Nxe5 21. Rae1 (21. Rad1 $1 {was the best move, because
the R is more useful on d1. For example:} Bc6 22. Qxh7 $18 {and White wins.})
21... Qf6 22. Qxf6 Bxf6 23. Bxd5 Bb5 24. Rd1 Kc7 25. Rc1+ Kb6 26. Rfd1 Nc6 27.
Be4 h6 28. Rd7 {White is a simple exchange up, the rest is not so difficult.}
Rb8 29. Rb1 Ka5 30. Kg2 Bh8 31. Rh7 Nb4 32. a3 Na2 33. Rxb7 Rxb7 34. Bxb7 Ka4
35. Ne4 Kxa3 36. Nc5 Nc3 37. Rb3+ Ka2 38. Bxa6 Bc6+ 39. Kg1 Bd5 40. Rb4 Ka3 41.
Rh4 Bg7 42. Bc4 Bf3 43. Ne6 Be5 44. Rxh6 Kb2 45. Nc5 Bd4 46. Nd3+ Kb1 47. Rd6
Ba7 48. Rd7 Bb6 49. Ne5 Ba8 50. h4 1-0

[Event "Thessaloniki FIDE GP"]
[Site "Thessaloniki"]
[Date "2013.06.02"]
[Round "10"]
[White "Kamsky, Gata"]
[Black "Morozevich, Alexander"]
[Result "1-0"]
[WhiteElo "2741"]
[BlackElo "2760"]
[Annotator "Mikhalchishin,A"]
[PlyCount "49"]
[EventDate "2013.05.22"]
[EventType "tourn"]
[EventRounds "11"]
[EventCountry "GRE"]
[EventCategory "21"]
[SourceTitle "CBM 155"]
[Source "ChessBase"]
[SourceDate "2013.07.16"]
[SourceVersion "1"]
[SourceVersionDate "2013.07.16"]
[SourceQuality "1"]

1. e4 e5 2. Nf3 Nc6 3. Bb5 a6 4. Ba4 Nf6 5. O-O Be7 6. Re1 b5 7. Bb3 d6 8. c3
O-O 9. h3 Na5 10. Bc2 c5 11. d4 {The Chigorin Defence. In modern chess it is
slightly less popular than the Breyer and the Zaitsev Variations. But the
great invention of Chigorin is still very much alive.} cxd4 {An interesting
choice, Morozevich plays according to his style, surprising his opponents and
hoping for a complex game in which he can outplay his opponent. This system is
not clearly classical, but invented by GM Oleg Romanishin. The idea is to
increase the pressure on the centre, as Black can easily protect the weak
d6-pawn.} (11... Qc7 12. Nbd2 cxd4 13. cxd4 Nc6 {is the main line, leading to
complex positions, the evaluation of which is still unclear.}) 12. cxd4 exd4
13. Nxd4 Re8 ({Another good option is} 13... Bb7 14. a3 Re8 15. Nc3 Bf8 16. Nf5
Nc4 (16... Rc8 $142) 17. Qf3 Rc8 18. Bg5 Kh8 19. Bb3 Rc5 20. Bxc4 Rxc4 21. Rad1
{Dgebuadze,A (2562)-Ginsburg,G (2520)/Lausanne 2008; with strong pressure.})
14. Nc3 {Here White has two other important plans:} (14. Bg5 $5 $146 h6 15. Bh4
Nd5 $1 16. Bxe7 (16. Bg3 $6 Nb4) 16... Nxe7 17. Nd2 Bb7 18. a4 Qb6 19. N4b3
Nac6 20. axb5 axb5 21. Rxa8 Rxa8 22. Nf1 Ne5 {1/2 Leko,P (2713)-Morozevich,A 
(2742)/Wijk aan Zee 2002}) (14. b3 Bf8 (14... Bb7 15. Bb2 Bf8 16. Nd2 g6 17.
Qf3 Bg7 18. Rad1 Rc8 19. Bb1 Qe7 20. Qd3 Nc6 21. Nxc6 Bxc6 22. Nf1 Rcd8 {
Nguyen Anh Dung (2537)-Li Ruofan (2417)/Kuala Lumpur 2007; with equal play.})
15. Bb2 g6 16. a3 Bb7 17. Nc3 Bg7 18. Qf3 Rc8 19. Rad1 Nc6 20. Nxc6 Bxc6 21.
Re2 Qe7 22. Bb1 Nd7 23. Rde1 Qe6 {Inarkiev,E (2545)-Kayumov,S (2267)/Alushta
2002. Black has good counterplay.}) 14... Bb7 15. Nf5 Rc8 ({Another possible
move is the natural retreat} 15... Bf8 16. Qf3 (16. Bg5 h6 17. Bh4 Rc8 18. Rc1
Nc4 19. Qd4 Re6 20. Bb3 g6 21. Qa7 Rc7 22. Nd4 Re5 23. Bxc4 bxc4 24. Bxf6 Qxf6
25. Nd5 Bxd5 26. Qxc7 Bxe4 {Ivanchuk,V (2762)-Mueller,M (2405)/Mainz 2000;
with sufficient compensation for the exchange.}) 16... Re6 (16... h6 17. Rd1
Nc4 18. Qg3 Kh8 19. b3 b4 $2 20. bxc4 bxc3 21. Rxd6 {1-0 Spraggett,K (2585)
-Mueller,M (2405)/Port Erin 2007}) (16... g6 17. Nh6+ Bxh6 18. Bxh6 $14) 17.
Nd4 Re5 18. Bf4 b4 19. Na4 Rc8 {with counterplay.}) 16. Bg5 Nc4 ({Clearly a
better try was} 16... b4 $5 {in order to deflect the knight from the defence
of the centre} 17. Na4 Bf8 18. Rc1 h6 19. Bxf6 Qxf6 20. Nb6 Rc7 21. b3 {
White still controls the most important central squares.}) 17. Qd4 $1 {The
centralised queen is a huge source of power, the opponent's king will be in
danger.} Nxb2 $2 {Black fails to see the refutation and grabs the pawn.} (17...
h6 {was necessary:} 18. Bh4 Nxb2 19. Nd5 Bxd5 20. exd5 Rxc2 21. Rxe7 Rxe7 22.
Bxf6 gxf6 23. Qxf6 Re1+ 24. Rxe1 Qxf6 {and there is no mate, as was possible
in the game!}) 18. Bb3 {White returns the favour, he would have been
immediately winning if he had played} (18. Nd5 $1 Bxd5 (18... Rxc2 19. Ndxe7+
Rxe7 20. Bxf6 $18) (18... Rc4 19. Ndxe7+ Rxe7 20. Nxe7+ Qxe7 21. Qxb2 $18) 19.
exd5 Rxc2 20. Rxe7 $1 Rxe7 21. Bxf6 gxf6 22. Qxf6 {The point is that Black
cannot win the queen because he will get mated on the back rank.} Re1+ 23. Rxe1
Qxf6 24. Re8#) 18... Nc4 19. Rad1 ({The typical attack} 19. a4 {was worth
trying.}) 19... Qd7 20. Rd3 Bd8 $2 {An unnecessary mistake.} ({Black would
have huge counterplay after the correct} 20... Ne5 21. Rg3 Nh5 22. Nxe7+ Rxe7
23. Bxe7 Nxg3 24. Bxd6 Nc4) 21. Nxg7 $1 Re5 ({White would get a terrific
attack after} 21... Kxg7 22. Bxf6+ Bxf6 23. Rg3+ Kf8 24. Qxf6 Qe6 25. Qg7+ Ke7
26. Rf3) 22. Nf5 Nxe4 (22... h6 {does not help:} 23. Bf4 Bb6 24. Qxb6 Nxb6 25.
Bxe5) 23. Nh6+ Kf8 24. Bxd8 Rxd8 25. f4 {Fantastic! Black no longer has the
will to fight on!} 1-0

[Event "Thessaloniki FIDE GP"]
[Site "Thessaloniki"]
[Date "2013.06.03"]
[Round "11"]
[White "Caruana, Fabiano"]
[Black "Kamsky, Gata"]
[Result "1-0"]
[WhiteElo "2774"]
[BlackElo "2741"]
[Annotator "Szabo,Kr"]
[PlyCount "73"]
[EventDate "2013.05.22"]
[EventType "tourn"]
[EventRounds "11"]
[EventCountry "GRE"]
[EventCategory "21"]
[SourceTitle "CBM 155"]
[Source "ChessBase"]
[SourceDate "2013.07.16"]
[SourceVersion "1"]
[SourceVersionDate "2013.07.16"]
[SourceQuality "1"]

1. e4 e5 2. Nf3 Nc6 3. Bb5 a6 4. Ba4 Nf6 5. O-O Be7 6. Re1 b5 7. Bb3 O-O 8. h3
Bb7 9. d3 d6 {The most common move. Nowadays 9...d5 is becoming more popular
than ever, but Kamsky preferred a solid line.} 10. a3 Qd7 ({Other main lines
are} 10... Na5) ({and} 10... Nb8) 11. Nbd2 ({The main line is by far} 11. Nc3 {
, but the text move also has a huge amount of theory.} Rfe8 12. Ne2 Nd8 13. Ng3
{White's N chose another way, but it transposes to the game.}) 11... Rfe8 ({
Other options are} 11... Nd8) ({or} 11... Rae8) 12. Nf1 Nd8 13. Ng3 g6 $146 {
The first novelty in the game. It's funny, but there are two novelties in this
game.} (13... Ne6 {is the main line, with some top games. For example:} 14. Ng5
c5 (14... Nxg5 15. Bxg5 h6 16. Bd2 d5 17. exd5 Bxd5 18. Bxd5 Qxd5 19. Bc3 Bc5
20. Ne4 {1/2 Anand-Leko, Monaco (blindfold) 2005}) 15. Nxe6 (15. Bxe6 fxe6 16.
Nf3 Rf8 17. Qe2 Rac8 18. Bd2 Qe8 19. b3 Nh5 20. Nxh5 Qxh5 21. Nh2 Qxe2 22. Rxe2
Bc6 $11 {Anand-Aronian, Mainz rapid 2007}) 15... fxe6 16. c3 Bd8 17. a4 Bb6 18.
Be3 Kh8 19. axb5 axb5 20. Rxa8 Rxa8 21. Nh5 Bd8 22. Nxf6 Bxf6 23. Qg4 Bc8 24.
Rd1 Qe7 $11 {With an equal position, Leko-Aronian, Nice (blindfold) 2008.}) 14.
Bh6 Ne6 {Now we are back in the line with 11.Nc3 Nd8 12.Ne2 Ne6 13.Ng3 g6 14.
Bh6 Rfe8.} 15. Qd2 $146 {The second novelty.} ({Before only} 15. Ng5 {was
played} Bf8 $1 (15... Nxg5 {Shirov} 16. Bxg5 $16) 16. Bxf8 Rxf8 17. Bxe6 {
Shirov} (17. Nxe6 fxe6 18. Qd2 (18. d4 exd4 19. Qxd4 (19. e5 $6 {Too
optimistic.} dxe5 20. Rxe5 Rae8 21. a4 Qd6 22. Qe2 Nd5 23. Bxd5 Bxd5 $17 {
and Black is better, Stefansson-Chudinovskih, Plovdiv 2008.}) 19... c5 20. Qe3
c4 {Black looks nicely placed.}) 18... c5 19. f4 (19. c3 $5) 19... exf4 20.
Qxf4 d5 $1 $132 {with a double-edged fight, Gelfand-Shirov, Rethymnon 2003.})
17... fxe6 18. c3 $14) 15... c5 16. Ba2 $1 {A very logical prophylactic move.
The B has found a safe place, preparing for the next move.} Rac8 17. c4 {
A strange move, but Caruana wanted to avoid ...c4. On the other hand, it is
not so easy to find a logical plan with White.} Kh8 {Kamsky prepares for Ng8.}
18. Ng5 Nxg5 19. Bxg5 Ng8 20. Bxe7 Rxe7 21. b4 $1 {A good move, White wants to
open the position, because now he has the "bad" B.} f5 {Kamsky is also very
ambitious, he immediately tries to take the initiative. Now Black threatens f4.
} 22. cxb5 ({Immediately} 22. f4 {is similar to the game.}) 22... axb5 23. f4
$5 {A very interesting tactical move.} ({The engine suggests} 23. Rac1 {
, but in a practical game, the players don't want to allow} f4 {. For example:}
24. Nf1 Nf6 {and Black has an acceptable position.}) 23... cxb4 ({In the event
of} 23... exf4 24. Qxf4 fxe4 25. Nxe4 Bxe4 26. Rxe4 Rxe4 27. Qxe4 {and White
looks nicely placed, as his pieces are more active and also in such positions
the B is stronger than the N.}) 24. axb4 Rf8 {A cold-blooded move, Black
ignores the hanging centre P...} (24... fxe4 {helps only White, because} 25.
Nxe4 $36) ({or} 24... exf4 25. Qxf4 $36 {and White has some initiative.}) 25.
Rf1 {but White too...} Rg7 26. Rae1 {Both players have played the logical
moves, but now Black has to find an acceptable answer.} h5 $6 {Too dangerous.}
(26... Qd8 {was an interesting move} 27. Rf2 Qh4 {and Black activates his Q on
the K side. The position is very unclear.}) 27. Rf2 $1 {A good move, White
frees the f1-square for his N.} h4 28. Nf1 {Still Black is very optimistic. On
the other hand, he needs to play aggressively, because the h4 P is a big
weakness on his K side.} exf4 29. Rxf4 g5 {It's forced.} 30. Rxf5 Rxf5 31. exf5
Qxf5 32. Re8 ({The computer suggests} 32. Ne3 {, but I like the text move too.}
Qf4 33. Qc3 Nf6 34. Be6 $16 {Followed by Nf5.}) 32... Bd5 33. Bxd5 Qxd5 34. Ne3
Qd4 35. Qd1 $1 Kh7 $2 {Loses immediately, probably a move made in time trouble.
} (35... Qf6 {was the only defence} 36. Ng4 Qd4+ 37. Nf2 Qf4 {and maybe Black
can hope for survival.}) 36. Qh5+ Nh6 37. Re6 1-0

[Event "Wch Rapid"]
[Site "Khanty-Mansiysk"]
[Date "2013.06.06"]
[Round "1"]
[White "Najer, Evgeniy"]
[Black "Kamsky, Gata"]
[Result "1-0"]
[WhiteElo "2633"]
[BlackElo "2741"]
[PlyCount "145"]
[EventDate "2013.06.06"]
[EventType "swiss (rapid)"]
[EventRounds "15"]
[EventCountry "RUS"]
[SourceTitle "CBM 154 Extra"]
[Source "ChessBase"]
[SourceDate "2013.06.25"]
[SourceVersion "2"]
[SourceVersionDate "2013.06.25"]
[SourceQuality "1"]

1. e4 c5 2. Nf3 e6 3. d4 cxd4 4. Nxd4 a6 5. Nc3 b5 6. Bd3 Qb6 7. Nf3 Qc7 8. O-O
d6 9. a4 b4 10. Na2 Nc6 11. Bd2 Rb8 12. Qe1 Qb7 13. c3 bxc3 14. Bxc3 Nf6 15. b4
Be7 16. b5 axb5 17. axb5 Na7 18. e5 Nd5 19. exd6 Bxd6 20. Bxg7 Rg8 21. Be5 Nf4
22. Bxf4 Bxf4 23. Be4 Qxb5 24. Nc3 Qc5 25. Bxh7 Rg7 26. Ne4 Qe7 27. Bf5 Nc6 28.
Qc3 Kf8 29. Qxc6 exf5 30. Ng3 Rg6 31. Qc3 Qc7 32. Qh8+ Rg8 33. Qh5 Rb6 34. Nxf5
Rb5 35. Ra8 Qb7 36. Rxc8+ Qxc8 37. N3d4 Rc5 38. g3 Rg6 39. Qh8+ Rg8 40. Qh5 Bg5
41. h4 Rxf5 42. Nxf5 Qxf5 43. Ra1 Kg7 44. Qxg5+ Qxg5 45. hxg5 Kg6 46. Ra5 Rb8
47. Kg2 Rb3 48. f4 Kh5 49. Kh3 Rb1 50. Ra7 Kg6 51. Ra6+ Kg7 52. Kg4 Rb4 53. Rc6
Ra4 54. Rb6 Rc4 55. Kh5 Rc3 56. Kh4 Rc4 57. Rb7 Kg6 58. Ra7 Rb4 59. Ra6+ Kg7
60. Kg4 Rc4 61. Rd6 Ra4 62. Kf5 Ra3 63. Kg4 Ra4 64. Kh4 Rb4 65. Rd3 Kg6 66. Rf3
Rb8 67. f5+ Kg7 68. Ra3 Rb5 69. Kg4 Rb4+ 70. Kh5 Rb1 71. Ra7 Rh1+ 72. Kg4 Kg8
73. Ra6 1-0

[Event "Wch Rapid"]
[Site "Khanty-Mansiysk"]
[Date "2013.06.06"]
[Round "2"]
[White "Kamsky, Gata"]
[Black "Gundavaa, Bayarsaihan"]
[Result "1-0"]
[WhiteElo "2741"]
[BlackElo "2516"]
[PlyCount "47"]
[EventDate "2013.06.06"]
[EventType "swiss (rapid)"]
[EventRounds "15"]
[EventCountry "RUS"]
[SourceTitle "CBM 154 Extra"]
[Source "ChessBase"]
[SourceDate "2013.06.25"]
[SourceVersion "2"]
[SourceVersionDate "2013.06.25"]
[SourceQuality "1"]

1. d4 Nf6 2. Nf3 e6 3. Bf4 c5 4. e3 b6 5. c3 Bb7 6. h3 Be7 7. Bd3 O-O 8. O-O
cxd4 9. cxd4 Nc6 10. a3 a6 11. Nbd2 d5 12. Rc1 h6 13. Ne5 Nxe5 14. dxe5 Ne4 15.
Nf3 b5 16. Nd4 Qb6 17. Qg4 Kh8 18. f3 Nc5 19. Bb1 Nd7 20. Qh5 Kg8 21. Bxh6 gxh6
22. Qxh6 f5 23. Nxe6 Kf7 24. Bxf5 1-0

[Event "Wch Rapid"]
[Site "Khanty-Mansiysk"]
[Date "2013.06.06"]
[Round "3"]
[White "Popov, Ivan"]
[Black "Kamsky, Gata"]
[Result "1/2-1/2"]
[WhiteElo "2632"]
[BlackElo "2741"]
[PlyCount "43"]
[EventDate "2013.06.06"]
[EventType "swiss (rapid)"]
[EventRounds "15"]
[EventCountry "RUS"]
[SourceTitle "CBM 154 Extra"]
[Source "ChessBase"]
[SourceDate "2013.06.25"]
[SourceVersion "2"]
[SourceVersionDate "2013.06.25"]
[SourceQuality "1"]

1. e4 e5 2. Nf3 Nc6 3. Nc3 Nf6 4. Bb5 Bb4 5. O-O O-O 6. Bxc6 bxc6 7. Nxe5 Bxc3
8. dxc3 Nxe4 9. Re1 Nc5 10. b3 Ne6 11. Ba3 c5 12. Qd5 Rb8 13. Rad1 d6 14. Nc6
Bb7 15. Nxd8 Bxd5 16. Rxd5 Rfxd8 17. Re4 Rb6 18. Ra4 a6 19. f3 Kf8 20. Kf2 Ke7
21. Bc1 Kd7 22. h4 1/2-1/2